00404nam a2200121 i 4500001000300000245008200003260001900085040000800104041000800112080002300120008004100143856009800184bg 0aBoundary elements X.nVol. 4,pGeomechanics, wave propagation and vibrations. aBerlin,c1988. cBPK apol a624:539.3/.6:519.6 s pl f |000 0 pol  uhttp://koha.tu.koszalin.pl/cgi-bin/koha/opac-detail.pl?biblionumber=28986yKatalog online BPK